Normal view
MARC view
- Qadeer, Abdul
Entry Personal Name
001 - CONTROL NUMBER
- control field: 28715
003 - CONTROL NUMBER IDENTIFIER
- control field: NUST
005 - DATE AND TIME OF LATEST TRANSACTION
- control field: 20200301160041.0
008 - FIXED-LENGTH DATA ELEMENTS
- fixed length control field: 200301|| aca||aabn | a|a d
040 ## - CATALOGING SOURCE
- Original cataloging agency: NUST
- Transcribing agency: NUST
100 ## - HEADING--PERSONAL NAME
- Personal name: Qadeer, Abdul
670 ## - SOURCE DATA FOUND
- Source citation: Work cat.: (NUST): Qadeer, Abdul, Design and optimization of Anodic Aluminum Oxide Channels Through Anodizaton of Aluminum Foil /, 2017.
